00336 2200133 4500001002100000005001500021035002000036082000800056100001800064245006100082260003600143300001100179990001200190INLIS00000000000225020250527022300 a0010-0525000542 a8130 aS.Siswosudiro1 aRetna Ginubah (Dhidhikan Bydhi Pekerti) /cS.Siswosudiro aJakarta :bBalai Pustaka,c1985 a64 hlm a0712712